<?xml version="1.0" encoding="UTF-8"?>
<record
    xmlns:xsi="http://www.w3.org/2001/XMLSchema-instance"
    xsi:schemaLocation="http://www.loc.gov/MARC21/slim http://www.loc.gov/standards/marcxml/schema/MARC21slim.xsd"
    xmlns="http://www.loc.gov/MARC21/slim">

  <leader>02182nam a2200313 a 4500</leader>
  <controlfield tag="001">BRCA_2410</controlfield>
  <controlfield tag="005">20190320203809.0</controlfield>
  <controlfield tag="008">121108s1738----enka---###---#000-0dspa-u</controlfield>
  <datafield tag="041" ind1=" " ind2=" ">
    <subfield code="a">spa</subfield>
  </datafield>
  <datafield tag="044" ind1=" " ind2=" ">
    <subfield code="a">enk</subfield>
  </datafield>
  <datafield tag="084" ind1=" " ind2=" ">
    <subfield code="a">051</subfield>
    <subfield code="b">.T66</subfield>
    <subfield code="c">1738</subfield>
  </datafield>
  <datafield tag="100" ind1="1" ind2=" ">
    <subfield code="a">Cervantes Saavedra, Miguel de</subfield>
    <subfield code="d">1547-1616</subfield>
    <subfield code="9">213</subfield>
  </datafield>
  <datafield tag="245" ind1="1" ind2="0">
    <subfield code="a">Vida y hechos del Ingenioso Hidalgo Don Quixote de la Mancha</subfield>
    <subfield code="c">compuesto por Miguel de Cervantes Saavedra.</subfield>
  </datafield>
  <datafield tag="260" ind1=" " ind2=" ">
    <subfield code="a">Londres</subfield>
    <subfield code="b">J. y R. Tonson</subfield>
    <subfield code="c">1738</subfield>
  </datafield>
  <datafield tag="300" ind1=" " ind2=" ">
    <subfield code="a">4 v.</subfield>
    <subfield code="b">il.</subfield>
    <subfield code="c">30 cm.</subfield>
  </datafield>
  <datafield tag="500" ind1=" " ind2=" ">
    <subfield code="a">Contenido : v 1. Primera parte. Dedicatoria a la Condesa de Montijo. Advertencia de D. Juan Oldfield. Vida de Cervantes por Gregorio May&#xE1;ns I Siscar. Dedicatoria de &#xE9;ste a Lord Carteret. Indice de la vida. Pr&#xF3;logo del autor. Versos preliminares. Texto. -- v 2. Texto. -- v 3. Segunda parte. Pr&#xF3;logo del autor. Texto. -- v 4. Texto</subfield>
  </datafield>
  <datafield tag="500" ind1=" " ind2=" ">
    <subfield code="a">Primera edici&#xF3;n en espa&#xF1;ol, impresa en Inglaterra, y publicada por iniciativa y a costa del Lord Carteret, gran hispan&#xF3;filo, y primera de lujo en general. Contiene de la vida de Cervantes, escrita por su primer bi&#xF3;grafo, el espa&#xF1;ol Gregorio May&#xE1;ns y Siscar. Profusamente ilustrada con excelentes l&#xE1;minas de J. Vanderbank, esta magn&#xED;fica edici&#xF3;n va provista del primer retrato de Cervantes dibujado por G. Kent, basado en la descripci&#xF3;n que aqu&#xE9;l hizo de s&#xED; mismo en el pr&#xF3;logo a sus Novelas Ejemplares. La parte tipogr&#xE1;fica es de exquisito gusto y en papel superior. Encuadernada en piel; cantos, cortes y filetes dorados. Es un bell&#xED;simo ejemplar que por su rareza honra a esta expl&#xE9;ndida colecci&#xF3;n quijotil L&#xFA;dovik Osterc</subfield>
  </datafield>
  <datafield tag="500" ind1=" " ind2=" ">
    <subfield code="a">Estado f&#xED;sico : Lomo y cubierta desprendida</subfield>
  </datafield>
  <datafield tag="500" ind1=" " ind2=" ">
    <subfield code="a">Conn ex-libris de : Francis Bayard Rives</subfield>
  </datafield>
  <datafield tag="500" ind1=" " ind2=" ">
    <subfield code="a">QM37</subfield>
  </datafield>
  <datafield tag="650" ind1="1" ind2="4">
    <subfield code="a">Novela espa&#xF1;ola</subfield>
    <subfield code="y">&#xC9;poca cl&#xE1;sica, 1500-1700</subfield>
    <subfield code="9">215</subfield>
  </datafield>
  <datafield tag="650" ind1="1" ind2="4">
    <subfield code="a">Literatura espa&#xF1;ola</subfield>
    <subfield code="y">&#xC9;poca cl&#xE1;sica, 1500-1700</subfield>
    <subfield code="9">216</subfield>
  </datafield>
  <datafield tag="650" ind1="1" ind2="4">
    <subfield code="a">Novela espa&#xF1;ola</subfield>
    <subfield code="y">&#xC9;poca cl&#xE1;sica, 1500-1700</subfield>
    <subfield code="9">215</subfield>
  </datafield>
  <datafield tag="650" ind1="1" ind2="4">
    <subfield code="a">Don Quijote (Personaje ficticio)</subfield>
    <subfield code="e">Novela</subfield>
    <subfield code="9">218</subfield>
  </datafield>
  <datafield tag="700" ind1="1" ind2=" ">
    <subfield code="a">May&#xE1;ns I S&#xED;scar, Gregorio</subfield>
    <subfield code="d">1699-1781</subfield>
    <subfield code="e">Bi&#xF3;grafo</subfield>
    <subfield code="9">7093</subfield>
  </datafield>
  <datafield tag="740" ind1="0" ind2=" ">
    <subfield code="a">El Ingenioso Hidalgo Don Quijote de la Mancha</subfield>
  </datafield>
  <datafield tag="902" ind1=" " ind2=" ">
    <subfield code="a">QFM</subfield>
  </datafield>
  <datafield tag="942" ind1=" " ind2=" ">
    <subfield code="2">lcc</subfield>
    <subfield code="c">B</subfield>
  </datafield>
  <datafield tag="999" ind1=" " ind2=" ">
    <subfield code="c">2151</subfield>
    <subfield code="d">2151</subfield>
  </datafield>
  <datafield tag="952" ind1=" " ind2=" ">
    <subfield code="0">0</subfield>
    <subfield code="1">0</subfield>
    <subfield code="4">0</subfield>
    <subfield code="7">0</subfield>
    <subfield code="a">BRCA</subfield>
    <subfield code="b">BRCA</subfield>
    <subfield code="d">2008-11-12</subfield>
    <subfield code="i">QM37</subfield>
    <subfield code="l">0</subfield>
    <subfield code="o">051 .T66 1738 (QM37)</subfield>
    <subfield code="p">2407</subfield>
    <subfield code="r">2019-03-22 00:00:00</subfield>
    <subfield code="w">2019-03-22</subfield>
    <subfield code="y">B</subfield>
  </datafield>
</record>
